Library Logo

Pioneer International University Library Catalogue

The descent of woman. (Record no. 4705)

MARC details
000 -LEADER
fixed length control field 00436cam a2200169 4500
005 - DATE AND TIME OF LATEST TRANSACTION
control field 20250901165501.0
008 - FIXED-LENGTH DATA ELEMENTS--GENERAL INFORMATION
fixed length control field 720523s1972 nyu b 001 0 eng
010 ## - LIBRARY OF CONGRESS CONTROL NUMBER
LC control number 76186494
020 ## - INTERNATIONAL STANDARD BOOK NUMBER
International Standard Book Number 0812814584
050 00 - LIBRARY OF CONGRESS CALL NUMBER
Classification number GN281 .M6 1972
Item number .M6 1972
082 00 - DEWEY DECIMAL CLASSIFICATION NUMBER
Classification number 573.2
100 1# - MAIN ENTRY--PERSONAL NAME
Personal name Morgan, Elaine,
Dates associated with a name 1920-2013.
245 14 - TITLE STATEMENT
Title The descent of woman.
260 ## - PUBLICATION, DISTRIBUTION, ETC.
Place of publication, distribution, etc. New York,
Name of publisher, distributor, etc. Stein and Day
Date of publication, distribution, etc. [1972]
300 ## - PHYSICAL DESCRIPTION
Extent 258 p.
Dimensions 24 cm.
942 ## - ADDED ENTRY ELEMENTS (KOHA)
Source of classification or shelving scheme Dewey Decimal Classification
Holdings
Withdrawn status Lost status Source of classification or shelving scheme Damaged status Not for loan Home library Current library Shelving location Date acquired Total checkouts Full call number Barcode Date last seen Price effective from Koha item type
    Library of Congress Classification     Main Library Main Library   04/12/2021   GN281 .M6 1972 PIU0010259 04/12/2021 04/12/2021 Books